[Event "GER-ch Seniors 65"]
[Site "Hamburg"]
[Date "2018.07.28"]
[Round "8"]
[White "Kuhnert, Werner Eberhard"]
[Black "Wang, Huanying"]
[Result "1-0"]
[WhiteElo "1351"]
[BlackElo "1329"]
[PlyCount "102"]
[EventDate "2018.07.21"]
[EventType "swiss"]
[EventRounds "9"]
[EventCountry "GER"]
[SourceTitle "CBM 186 Extra"]
[Source "ChessBase"]
[SourceDate "2018.08.24"]
[SourceVersion "1"]
[SourceVersionDate "2018.08.24"]
[SourceQuality "1"]

1. d4 Nf6 2. Nc3 d5 3. e3 e6 4. Nf3 a6 5. a3 Be7 6. Be2 0-0 7. 0-0 Nbd7 8. Re1 Re8 9. Bf1 c5 10. b3 b5 11. Bd2 Bb7 12. Ne2 c4 13. b4 Kh8 14. Nc3 Rg8 15. Be2 Bd6 16. Ng5 Qe7 17. Bf3 h6 18. Nh3 e5 19. e4 g5 20. Bg4 Nxg4 21. Qxg4 Nf6 22. Qg3 Bc8 23. f3 exd4 24. e5 Nh5 25. exd6 Qb7 26. Qe5+ f6 27. Qxd4 Bxh3 28. gxh3 Qf7 29. Re7 Qg6 30. Rc1 Raf8 31. Nxd5 Ng7 32. Rce1 Nf5 33. Qe4 Nxd6 34. Qxg6 Rxg6 35. R1e6 Nf5 36. Ra7 Nd4 37. Kf2 Nxc2 38. Raxa6 Nd4 39. Ra8 Kg8 40. Nxf6+ Kg7 41. Nh5+ Kg8 42. Rxg6+ Kf7 43. Rf6+ Ke7 44. Rfxf8 Kd6 45. Rfd8+ Ke5 46. Bc3 Kf5 47. Rxd4 Kg6 48. Ng3 h5 49. Rd6+ Kf7 50. Ra7+ Ke8 51. Nf5 g4 1-0

[Event "GER-ch Seniors 65"]
[Site "Hamburg"]
[Date "2018.07.22"]
[Round "2"]
[White "Kuhnert, Werner Eberhard"]
[Black "Dachrodt, Heinz Guenther"]
[Result "0-1"]
[WhiteElo "1351"]
[BlackElo "1717"]
[PlyCount "86"]
[EventDate "2018.07.21"]
[EventType "swiss"]
[EventRounds "9"]
[EventCountry "GER"]
[SourceTitle "CBM 186 Extra"]
[Source "ChessBase"]
[SourceDate "2018.08.24"]
[SourceVersion "1"]
[SourceVersionDate "2018.08.24"]
[SourceQuality "1"]

1. d4 Nf6 2. c4 g6 3. Nc3 d5 4. e3 Bg7 5. Be2 0-0 6. Bf3 c6 7. cxd5 Nxd5 8. Nxd5 cxd5 9. Ne2 Bd7 10. 0-0 e6 11. Rb1 Bc6 12. Ng3 Nd7 13. b3 Nf6 14. Bb2 Rc8 15. Re1 Rc7 16. h3 Qd7 17. e4 dxe4 18. Nxe4 Bxe4 19. Bxe4 Rfc8 20. Bd3 a6 21. f3 Nd5 22. Bc4 Ne7 23. a4 Nf5 24. d5 exd5 25. Bd3 Ne7 26. Ba3 Nc6 27. b4 Ne5 28. Bf1 Nc4 29. Bxc4 dxc4 30. Qc2 c3 31. Rbd1 Qf5 32. Qxf5 gxf5 33. Bc1 Bf8 34. b5 axb5 35. axb5 Rc5 36. b6 Rb5 37. Kh1 Rxb6 38. Re5 Re6 39. Rxf5 c2 40. Rf1 Rd8 41. Rg5+ Rg6 42. Rg4 Rd1 43. Kg1 Bc5+ 0-1

[Event "MVP-ch Seniors op 16th"]
[Site "Binz"]
[Date "2016.11.26"]
[Round "4.84"]
[White "Kuhnert, Werner Eberhard"]
[Black "Scholz, Jutta"]
[Result "1/2-1/2"]
[WhiteElo "1448"]
[BlackElo "1603"]
[PlyCount "37"]
[EventDate "2016.11.23"]
[EventType "swiss"]
[EventRounds "9"]
[EventCountry "GER"]
[SourceTitle "EXT 2018"]
[Source "ChessBase"]
[SourceDate "2017.10.13"]
[SourceVersion "1"]
[SourceVersionDate "2017.10.13"]
[SourceQuality "1"]

1. d4 Nf6 2. c4 g6 3. Nf3 Bg7 4. Nc3 d6 5. e3 0-0 6. Be2 Bg4 7. 0-0 Nfd7 8. h3 Bxf3 9. Bxf3 c6 10. Qb3 Qc7 11. Qc2 e5 12. d5 f5 13. e4 f4 14. Bg4 Nf6 15. Bf3 a5 16. b3 Nbd7 17. Qd3 Rf7 18. Qe2 Bf8 19. Bg4 1/2-1/2

[Event "MVP-ch Seniors op 15th"]
[Site "Binz"]
[Date "2015.12.02"]
[Round "9.87"]
[White "Geibel, Henning"]
[Black "Kuhnert, Werner Eberhard"]
[Result "1/2-1/2"]
[WhiteElo "1192"]
[BlackElo "1176"]
[PlyCount "47"]
[EventDate "2015.11.24"]
[EventType "swiss"]
[EventRounds "9"]
[EventCountry "GER"]
[SourceTitle "EXT 2017"]
[Source "ChessBase"]
[SourceDate "2016.10.25"]
[SourceVersion "1"]
[SourceVersionDate "2016.10.25"]
[SourceQuality "1"]

1. e4 e5 2. Nf3 Nc6 3. Bc4 d6 4. d3 h6 5. 0-0 Nf6 6. h3 Be7 7. Nc3 0-0 8. Be3 a6 9. Nd5 Nxd5 10. Bxd5 Bd7 11. Qd2 g5 12. Nh2 Kg7 13. d4 Bf6 14. dxe5 Nxe5 15. c3 c6 16. Bb3 Be6 17. Bxe6 fxe6 18. Qe2 b5 19. Rad1 Qc7 20. f4 Nc4 21. fxg5 Nxe3 22. Qxe3 Bxg5 23. Qg3 Rxf1+ 24. Rxf1 1/2-1/2

[Event "MVP-ch Seniors op 14th"]
[Site "Binz"]
[Date "2014.11.30"]
[Round "6"]
[White "Scholz, Jutta"]
[Black "Kuhnert, Werner Eberhard"]
[Result "1/2-1/2"]
[WhiteElo "1439"]
[BlackElo "1179"]
[PlyCount "76"]
[EventDate "2014.11.25"]
[EventType "swiss"]
[EventRounds "9"]
[EventCountry "GER"]
[SourceTitle "EXT 2016"]
[Source "ChessBase"]
[SourceDate "2015.10.08"]
[SourceVersion "1"]
[SourceVersionDate "2015.10.08"]
[SourceQuality "1"]

1. e4 c5 2. Nc3 d6 3. g3 Nc6 4. d3 e5 5. Bg2 Nf6 6. Nge2 Be7 7. 0-0 0-0 8. Qd2 h6 9. Nd1 Nh7 10. c3 Bg5 11. Qc2 Be7 12. a4 a5 13. Ne3 Nf6 14. f4 Qc7 15. f5 Ra7 16. g4 g5 17. fxg6 fxg6 18. h3 Be6 19. Nd5 Qd8 20. Bxh6 Rf7 21. Qd2 Nh7 22. Rxf7 Bxf7 23. Nxe7+ Qxe7 24. Be3 g5 25. Ng3 Bg6 26. Rf1 Ra8 27. Nf5 Bxf5 28. Rxf5 Rf8 29. Bxg5 Qe8 30. Bh6 Rxf5 31. exf5 Nd8 32. Bd5+ Kh8 33. Qg2 Qxa4 34. Kh2 b6 35. g5 Qf4+ 36. Qg3 Qd2+ 37. Bg2 Nf7 38. Qf3 Qf4+ 1/2-1/2

[Event "MVP-ch Seniors op 14th"]
[Site "Binz"]
[Date "2014.11.29"]
[Round "5"]
[White "Kuhnert, Werner Eberhard"]
[Black "Koehler, Marianne"]
[Result "1/2-1/2"]
[WhiteElo "1179"]
[BlackElo "1439"]
[PlyCount "53"]
[EventDate "2014.11.25"]
[EventType "swiss"]
[EventRounds "9"]
[EventCountry "GER"]
[SourceTitle "EXT 2016"]
[Source "ChessBase"]
[SourceDate "2015.10.08"]
[SourceVersion "1"]
[SourceVersionDate "2015.10.08"]
[SourceQuality "1"]

1. d4 Nf6 2. c4 g6 3. e3 Bg7 4. Nc3 c6 5. Nf3 d6 6. Be2 0-0 7. 0-0 Ne8 8. Re1 e6 9. e4 Nc7 10. Bg5 f6 11. Bc1 Bd7 12. Be3 Qc8 13. Bf1 Ne8 14. Rb1 e5 15. d5 c5 16. Nd2 Bh8 17. Be2 Ng7 18. Nb5 Bxb5 19. cxb5 Nd7 20. Nc4 Ne8 21. a3 b6 22. Rf1 Bg7 23. Qd2 Qc7 24. f4 exf4 25. Bxf4 Ne5 26. Bxe5 fxe5 27. Rxf8+ 1/2-1/2

[Event "Hessen-ch Seniors op 10th"]
[Site "Bad Sooden-Allendorf"]
[Date "2014.05.03"]
[Round "8"]
[White "Kuhnert, Werner Eberhard"]
[Black "Geibel, Henning"]
[Result "1/2-1/2"]
[WhiteElo "1503"]
[BlackElo "1490"]
[PlyCount "72"]
[EventDate "2014.04.26"]
[EventType "swiss"]
[EventRounds "9"]
[EventCountry "GER"]
[SourceTitle "EXT 2018"]
[Source "ChessBase"]
[SourceDate "2017.10.13"]
[SourceVersion "1"]
[SourceVersionDate "2017.10.13"]
[SourceQuality "1"]

1. d4 d5 2. c4 e6 3. Nc3 Nf6 4. Nf3 c5 5. cxd5 exd5 6. e3 c4 7. Be2 Bb4 8. Qc2 Ne4 9. a3 Bxc3+ 10. bxc3 Bf5 11. Qb2 b6 12. 0-0 0-0 13. Nd2 Nd7 14. Nxe4 Bxe4 15. f3 Bg6 16. f4 Be4 17. Bf3 Nf6 18. Bxe4 Nxe4 19. a4 Qh4 20. Qc2 Rfe8 21. Bd2 Nf6 22. Be1 Qh5 23. Bf2 Ng4 24. h3 Nxe3 25. Bxe3 Rxe3 26. Rae1 Rxe1 27. Rxe1 Qh4 28. Qf2 Qd8 29. Qf3 Qd7 30. Re5 Rd8 31. f5 f6 32. Re3 Qxa4 33. Re7 Re8 34. Rxe8+ Qxe8 35. Qxd5+ Kh8 36. Qxc4 h6 1/2-1/2

[Event "MVP-ch Seniors op 12th"]
[Site "Binz"]
[Date "2012.11.28"]
[Round "1"]
[White "Micheel, Peter"]
[Black "Kuhnert, Werner Eberhard"]
[Result "1-0"]
[WhiteElo "1756"]
[BlackElo "1293"]
[PlyCount "75"]
[EventDate "2012.11.28"]
[EventType "swiss"]
[EventRounds "9"]
[EventCountry "GER"]
[SourceTitle "EXT 2014"]
[Source "ChessBase"]
[SourceDate "2013.11.20"]
[SourceVersion "1"]
[SourceVersionDate "2013.11.20"]
[SourceQuality "1"]

1. e4 e5 2. Nf3 Nc6 3. Bb5 d6 4. d4 Bd7 5. dxe5 Nxe5 6. Nxe5 dxe5 7. Qd5 Bd6 8. Bxd7+ Qxd7 9. Qxb7 Qc8 10. Qxc8+ Rxc8 11. Be3 a6 12. Nd2 Nf6 13. f3 Nd7 14. Nc4 Be7 15. 0-0-0 f6 16. Rd2 Rd8 17. Rhd1 Rf8 18. c3 Rf7 19. Na5 Nb6 20. Rxd8+ Bxd8 21. Bxb6 cxb6 22. Nc4 Bc7 23. Ne3 Rd7 24. Nd5 Bd8 25. Kc2 Rf7 26. Ne3 Rd7 27. Rd3 Rxd3 28. Kxd3 Kd7 29. a4 Kc6 30. Nd5 Kd6 31. Kc4 Kc6 32. Nb4+ Kb7 33. Kd5 Be7 34. Nd3 Kc7 35. Ke6 Kd8 36. Kf7 g5 37. Nb4 Kd7 38. Nxa6 1-0

[Event "GER-ch Seniors"]
[Site "Dresden"]
[Date "2012.08.15"]
[Round "7"]
[White "Kuhnert, Werner Eberhard"]
[Black "Geibel, Henning"]
[Result "1/2-1/2"]
[WhiteElo "1556"]
[BlackElo "1523"]
[PlyCount "74"]
[EventDate "2012.08.09"]
[EventType "swiss"]
[EventRounds "9"]
[EventCountry "GER"]
[SourceTitle "EXT 2014"]
[Source "ChessBase"]
[SourceDate "2013.11.20"]
[SourceVersion "1"]
[SourceVersionDate "2013.11.20"]
[SourceQuality "1"]

1. d4 d5 2. c4 Nf6 3. Nc3 Bf5 4. Nf3 e6 5. Bg5 Be7 6. e3 0-0 7. Be2 Nc6 8. 0-0 h6 9. Bf4 Bd6 10. Ne5 Bxe5 11. dxe5 Nd7 12. cxd5 Ndxe5 13. Bxe5 Nxe5 14. h3 Qg5 15. f4 Qg6 16. fxe5 Bxh3 17. Bf3 h5 18. Ne2 Qg5 19. Qd4 Bg4 20. Qf4 Qxf4 21. exf4 exd5 22. Bxg4 hxg4 23. g3 c5 24. Rac1 c4 25. Nd4 a6 26. Rfe1 b5 27. a3 Rab8 28. Rb1 Rb6 29. Rec1 g5 30. b3 Rc8 31. b4 Kg7 32. Kf2 Rh8 33. Rh1 Rh3 34. Kg2 Rb8 35. Rxh3 gxh3+ 36. Kxh3 Rh8+ 37. Kg2 c3 1/2-1/2

[Event "Bad Woerishofen Seniors op 28th"]
[Site "Bad Woerishofen"]
[Date "2012.03.08"]
[Round "7.56"]
[White "Blosze, Winfried"]
[Black "Kuhnert, Werner Eberhard"]
[Result "1-0"]
[WhiteElo "1697"]
[BlackElo "1328"]
[PlyCount "67"]
[EventDate "2012.03.02"]
[EventType "swiss"]
[EventRounds "9"]
[EventCountry "GER"]
[SourceTitle "EXT 2022"]
[Source "ChessBase"]
[SourceDate "2021.10.06"]
[SourceVersion "1"]
[SourceVersionDate "2021.10.06"]
[SourceQuality "1"]

1. e4 e5 2. Nf3 d6 3. d4 Bg4 4. Bc4 Nf6 5. Nc3 c6 6. Bg5 Be7 7. Qd3 h6 8. Bh4 0-0 9. dxe5 dxe5 10. Nxe5 Qxd3 11. cxd3 Be6 12. 0-0 Bxc4 13. Nxc4 Re8 14. Rfe1 Nbd7 15. Rad1 Rad8 16. Na5 Rb8 17. Bg3 Rbc8 18. Nxb7 Bb4 19. a3 Bxc3 20. bxc3 Re6 21. f3 Nh5 22. Bf2 Rb8 23. Rb1 Nf4 24. Bg3 g5 25. Bxf4 gxf4 26. Rb4 Ne5 27. Nc5 Rxb4 28. axb4 Rd6 29. d4 Nc4 30. e5 Rg6 31. Nd3 c5 32. bxc5 Ra6 33. Nxf4 Ra2 34. c6 1-0

[Event "Bad Woerishofen Seniors op 28th"]
[Site "Bad Woerishofen"]
[Date "2012.03.04"]
[Round "3.60"]
[White "Kuhnert, Werner Eberhard"]
[Black "Narr, Irmgard"]
[Result "1/2-1/2"]
[WhiteElo "1328"]
[BlackElo "1566"]
[PlyCount "45"]
[EventDate "2012.03.02"]
[EventType "swiss"]
[EventRounds "9"]
[EventCountry "GER"]
[SourceTitle "EXT 2022"]
[Source "ChessBase"]
[SourceDate "2021.10.06"]
[SourceVersion "1"]
[SourceVersionDate "2021.10.06"]
[SourceQuality "1"]

1. d4 b6 2. Nf3 Bb7 3. c4 Nf6 4. Nc3 e6 5. e3 d5 6. Be2 c6 7. 0-0 dxc4 8. e4 b5 9. e5 Nd5 10. a3 Ne7 11. Bg5 h6 12. Bf4 Ng6 13. Bg3 Be7 14. Ne1 Nd7 15. Bf3 a6 16. Be4 Ndf8 17. f4 Rb8 18. Kh1 Bh4 19. Ne2 Bxg3 20. Nxg3 Ne7 21. f5 Nd5 22. Qd2 exf5 23. Nxf5 1/2-1/2